| 000 -LEADER |
| fixed length control field |
02023cam a2200337 a 4500 |
| 001 - CONTROL NUMBER |
| control field |
16022125 |
| 005 - DATE AND TIME OF LATEST TRANSACTION |
| control field |
20170105102849.0 |
| 008 - FIXED-LENGTH DATA ELEMENTS--GENERAL INFORMATION |
| fixed length control field |
091214s2010 nyua b 001 0 eng |
| 010 ## - LIBRARY OF CONGRESS CONTROL NUMBER |
| LC control number |
2009049577 |
| 020 ## - INTERNATIONAL STANDARD BOOK NUMBER |
| International Standard Book Number |
9781583671993 (pbk.) |
| 020 ## - INTERNATIONAL STANDARD BOOK NUMBER |
| International Standard Book Number |
9781583672006 (cloth) |
| 040 ## - CATALOGING SOURCE |
| Original cataloging agency |
DLC |
| Transcribing agency |
DLC |
| Modifying agency |
DLC |
| 043 ## - GEOGRAPHIC AREA CODE |
| Geographic area code |
n-us--- |
| -- |
a-iq--- |
| 050 00 - LIBRARY OF CONGRESS CALL NUMBER |
| Classification number |
P96.W352 |
| Item number |
D56 2010 |
| 082 00 - DEWEY DECIMAL CLASSIFICATION NUMBER |
| Classification number |
070.4/49355020973 |
| Edition number |
22 |
| 100 1# - MAIN ENTRY--PERSONAL NAME |
| Personal name |
Dimaggio, Anthony R., |
| Dates associated with a name |
1980- |
| 245 10 - TITLE STATEMENT |
| Title |
When media goes to war : |
| Remainder of title |
hegemonic discourse, public opinion, and the limits of dissent / |
| Statement of responsibility, etc. |
by Anthony DiMaggio. |
| 260 ## - PUBLICATION, DISTRIBUTION, ETC. |
| Place of publication, distribution, etc. |
New York, NY : |
| Name of publisher, distributor, etc. |
Monthly Review Press, |
| Date of publication, distribution, etc. |
2010. |
| 300 ## - PHYSICAL DESCRIPTION |
| Extent |
384 p. : |
| Other physical details |
ill. ; |
| Dimensions |
23 cm. |
| 504 ## - BIBLIOGRAPHY, ETC. NOTE |
| Bibliography, etc. note |
Includes bibliographical references (p. [309]-318) and index. |
| 505 0# - FORMATTED CONTENTS NOTE |
| Formatted contents note |
Introduction: propaganda and the news in a time of terror -- Withdrawal pains: Iraq and the politics of media deference -- There are no protestors here: media marginalizaition and the antiwar movement -- Worthy and unworthy victims of history: the politicization of genocide and human rights in U.S. foreign policy -- Journalistic norms and propaganda: Iraq and the war on terror -- Iran, nuclear weapons, and the politics of fear -- Media, globalization, and violence: views from around the world -- Public rationality, political elitism, and opposition to war -- Media effects on public opinion: propaganda, indoctrination, and mass resistance -- Propaganda, celebrity gossip, and the decline of news -- Postscript: media coverage in the age of Obama. |
| 650 #0 - SUBJECT ADDED ENTRY--TOPICAL TERM |
| Topical term or geographic name entry element |
Mass media and war |
| Geographic subdivision |
United States. |
| 650 #0 - SUBJECT ADDED ENTRY--TOPICAL TERM |
| Topical term or geographic name entry element |
Mass media |
| General subdivision |
Objectivity |
| Geographic subdivision |
United States. |
| 650 #0 - SUBJECT ADDED ENTRY--TOPICAL TERM |
| Topical term or geographic name entry element |
Mass media and propaganda |
| Geographic subdivision |
United States. |
| 650 #0 - SUBJECT ADDED ENTRY--TOPICAL TERM |
| Topical term or geographic name entry element |
Iraq War, 2003-2011 |
| General subdivision |
Mass media and the war. |
| 650 #0 - SUBJECT ADDED ENTRY--TOPICAL TERM |
| Topical term or geographic name entry element |
Iraq War, 2003-2011 |
| General subdivision |
Propaganda. |
| 650 #0 - SUBJECT ADDED ENTRY--TOPICAL TERM |
| Topical term or geographic name entry element |
Public opinion |
| Geographic subdivision |
United States. |
| 906 ## - LOCAL DATA ELEMENT F, LDF (RLIN) |
| a |
7 |
| b |
cbc |
| c |
orignew |
| d |
1 |
| e |
ecip |
| f |
20 |
| g |
y-gencatlg |
| 942 ## - ADDED ENTRY ELEMENTS (KOHA) |
| Source of classification or shelving scheme |
|
| Koha item type |
Book |